El modelo de cuadro organizacional Grid

Na minha lista:
Detalhes bibliográficos
Autor principal: Blake, Robert Rogers (Author)
Formato: Livro
Idioma:espanhol
Publicado em: Bogotá Fondo Educativo Interamericano 1973
Colecção:Serie desarrollo organizacional
Assuntos:
Tags: Adicionar Tag
Sem tags, seja o primeiro a adicionar uma tag!

MARC

LEADER 00000nam a2200000 a 4500
001 UCY9017
003 CL-VaPUC
008 950707e19730000CK |||||||||||||||||spa|d
082 0 4 |a 658.403  |b BLA  |2 21 
100 0 |a Blake, Robert Rogers  |e author  |9 340977 
245 1 3 |a El modelo de cuadro organizacional Grid 
300 |a 133 p 
942 |c BK 
945 |d 19950707 00:00:00  |a cmena 
260 |a Bogotá  |b Fondo Educativo Interamericano  |c 1973 
650 0 |a Organizaciones  |9 337993 
650 0 |a Planificación estratégica   |9 259735 
650 7 |a METODOS DE PLANIFICACION  |2 CL-VaPUC  |9 340978 
650 0 |a Calidad total  |9 259929 
650 0 |a Liderazgo  |9 271835 
650 0 |a Recursos humanos   |9 228420 
650 0 |a Comportamiento   |9 308406 
583 |a last modification  |c 19950707 00:00:00  |k Rodrigo Vera 
490 0 |a Serie desarrollo organizacional 
999 |c 236191  |d 236189 
952 |0 0  |1 0  |4 0  |6 658_403000000000000_BLA_1973  |7 0  |8 P  |9 244093  |a BIBEDU  |b BIBEDU  |c BIBEDU_PB  |d 2019-11-18  |i 1531123  |o 658.403 BLA 1973  |p 1531123  |r 2024-01-25  |w 2019-11-18  |y BK  |k EDU 
952 |0 0  |1 0  |4 0  |6 658_403000000000000_BLA_1973  |7 0  |8 A  |9 244094  |a BIBING  |b BIBING  |d 2019-11-18  |i 1693387  |o 658.403 BLA 1973  |p 1693387  |r 2025-01-20  |w 2019-11-18  |y BK  |k EII 
952 |0 0  |1 0  |4 0  |6 658_403000000000000_BLA_1973  |7 0  |8 A  |9 244095  |a BIBGIM  |b BIBGIM  |d 2019-11-18  |i 1408518  |o 658.403 BLA 1973  |p 1408518  |r 2025-01-15  |w 2019-11-18  |y BK  |k SSL 
952 |0 0  |1 0  |4 0  |6 658_403000000000000_BLA_1973  |7 0  |8 A  |9 244096  |a BIBGIM  |b BIBGIM  |d 2019-11-18  |i 1408569  |o 658.403 BLA 1973  |p 1408569  |r 2025-01-15  |w 2019-11-18  |y BK  |k SSL 
952 |0 0  |1 0  |4 0  |6 658_403000000000000_BLA_1973  |7 0  |8 A  |9 244097  |a BIBGIM  |b BIBGIM  |d 2019-11-18  |i 140850K  |o 658.403 BLA 1973  |p 140850K  |r 2025-01-15  |w 2019-11-18  |y BK  |k COM 
952 |0 0  |1 0  |4 0  |6 658_403000000000000_BLA_1973  |7 0  |8 A  |9 244098  |a BIBENE  |b BIBENE  |d 2019-11-18  |i 1408550  |o 658.403 BLA 1973  |p 1408550  |r 2025-01-15  |w 2019-11-18  |y BK  |k ICO 
952 |0 0  |1 0  |4 0  |6 658_403000000000000_BLA_1973  |7 0  |8 A  |9 244099  |a BIBENE  |b BIBENE  |d 2019-11-18  |i 1408402  |o 658.403 BLA 1973  |p 1408402  |r 2025-01-15  |w 2019-11-18  |y BK  |k ICO 
952 |0 0  |1 0  |4 0  |6 658_403000000000000_BLA_1973  |7 0  |8 A  |9 244100  |a BIBENE  |b BIBENE  |d 2019-11-18  |i 1408453  |o 658.403 BLA 1973  |p 1408453  |r 2025-01-15  |w 2019-11-18  |y BK  |k ICO 
952 |0 0  |1 0  |4 0  |6 658_403000000000000_BLA_1973  |7 0  |8 A  |9 244101  |a BIBENE  |b BIBENE  |d 2019-11-18  |i 1408437  |o 658.403 BLA 1973  |p 1408437  |r 2025-01-15  |w 2019-11-18  |y BK  |k ICO 
952 |0 0  |1 0  |4 0  |6 658_403000000000000_BLA_1973  |7 0  |8 A  |9 244102  |a BIBENE  |b BIBENE  |d 2019-11-18  |i 1408488  |o 658.403 BLA 1973  |p 1408488  |r 2025-01-15  |w 2019-11-18  |y BK  |k ICO 
952 |0 0  |1 0  |4 0  |6 658_403000000000000_BLA_1973  |7 0  |8 A  |9 244103  |a BIBENE  |b BIBENE  |d 2019-11-18  |i 1408585  |o 658.403 BLA 1973  |p 1408585  |r 2025-01-15  |w 2019-11-18  |y BK  |k ICO